Post-Roman and medieval drying kilns : foundations of archaeological research /
Drying kilns, corn-dryers, and malting ovens are familiar features in post-Roman, Anglo-Saxon and medieval archaeology, yet few works of synthesis are available. Robert Rickett's pioneering dissertation is published here with additional material from Mark McKerracher which sets the work within...
المؤلف الرئيسي:
مؤلفون آخرون:
التنسيق: كتاب الكتروني
اللغة: English
منشور في:
Oxford :
Archaeopress Publishing Ltd,
2021.
سلاسل:
Access archaeology.
الموضوعات:
الوصول للمادة أونلاين: Login to view Source
الوسوم: إضافة وسم
رقم الطلب: TP841
| LEADER | 02276nam a2200469 i 4500 | ||
|---|---|---|---|
| 001 | EDZ0002655608 | ||
| 003 | StDuBDS | ||
| 005 | 20230412183203.0 | ||
| 006 | m|||||o||d|||||||| | ||
| 007 | cr ||||||||||| | ||
| 008 | 210816s2021 enkab fob 000|0|eng|d | ||
| 020 | |a 9781803270715 (PDF ebook) : |c No price | ||
| 040 | |a StDuBDS |b eng |c StDuBDS |e rda |e pn | ||
| 050 | 4 | |a TP841 | |
| 082 | 0 | 4 | |a 738.136094109021 |2 23 |
| 100 | 1 | |a Rickett, Robert, |e author. | |
| 245 | 1 | 0 | |a Post-Roman and medieval drying kilns : |b foundations of archaeological research / |c Robert Rickett ; edited and with an introduction by Mark McKerracher. |
| 264 | 1 | |a Oxford : |b Archaeopress Publishing Ltd, |c 2021. | |
| 300 | |a 1 online resource (x, 139 pages) : |b illustrations (black and white, and colour), maps (black and white). | ||
| 336 | |a text |2 rdacontent | ||
| 336 | |a still image |2 rdacontent | ||
| 336 | |a cartographic image |2 rdacontent | ||
| 337 | |a computer |2 rdamedia | ||
| 338 | |a online resource |2 rdacarrier | ||
| 490 | 1 | |a Access archaeology | |
| 500 | |a Also issued in print: 2021. | ||
| 500 | |a "Available in both print and Open Access"--Homepage. | ||
| 504 | |a Includes bibliographical references. | ||
| 506 | 0 | |a Open access. | |
| 520 | 8 | |a Drying kilns, corn-dryers, and malting ovens are familiar features in post-Roman, Anglo-Saxon and medieval archaeology, yet few works of synthesis are available. Robert Rickett's pioneering dissertation is published here with additional material from Mark McKerracher which sets the work within the context of more recent studies. | |
| 521 | |a Specialized. | ||
| 588 | |a Description based on online resource; title from PDF title page (viewed on December 1, 2021). | ||
| 650 | 0 | |a Kilns |z Great Britain |x History |y To 1500. | |
| 650 | 0 | |a Corn |x Drying |z Great Britain |x History |y To 1500. | |
| 651 | 0 | |a Great Britain |x History |y Anglo-Saxon period, 449-1066. | |
| 700 | 1 | |a McKerracher, Mark James, |d 1986- |e editor. | |
| 776 | 0 | 8 | |i Print version : |z 9781803270708 |
| 830 | 0 | |a Access archaeology. | |
| 856 | 4 | 0 | |3 Archaeopress |u http://library.arce.org:8087/Archaeopress/Products/9781803270708 |
| 942 | |2 lcc |c EBOOK | ||
| 952 | |0 0 |1 0 |4 0 |6 TP0841 |7 1 |9 46879 |a ARCH |b ARCH |d 2023-04-12 |l 0 |o TP841 |r 2023-04-12 00:00:00 |w 2023-04-12 |y EBOOK | ||
| 999 | |c 52537 |d 52537 | ||
